Örgütlenme eğitimi (Record no. 6987)

MARC details
000 -BAŞLIK
Sabit Uzunlukta Kontrol Alanı 00833na a2200265 4500
001 - KONTROL NUMARASI
Denetim Alanı 15548
003 - KONTROL NUMARASI IDENTIFIER
Denetim Alanı MIRAKIL
005 - SON İŞLEM TARİHİ VE ZAMANI
Denetim Alanı 20181213155125.0
008 - SABİT-BOY VERİ ELEMANLARI - GENEL BİLGİLER
Sabit Uzunlukta Kontrol Alanı 161006b tu 000 0
035 ## - SİSTEM KONTROL NUMARASI
Sistem Kontrol Numarası 15548
040 ## - KATALOGLAMA KAYNAK
Orijinal Kataloglama Ajansı Milas
Kataloglama Dili tur
Metne Dönüştürmek Ajansı TR-AnCHP
041 ## - DİL KODU
Metin / Ses Parça Veya Ayrı Başlığın Dil Kodu tur
082 ## - DEWEY ONLU SINIFLANDIRMA NUMARASI
Sınıflandırma Numarası 331.88109561
Ürün Numarası Ö63ö
090 ## - SINIFLAMA NUMARASI
Sınıflama Numarası 331.88109561 Ö63ö 2003
111 ## - ANA GİRİŞ - TOPLANTI ADI
Giriş Elemanı Olarak Toplantı Adı Veya Yargı Alanı Adı Örgütlenme Eğitimi
Toplantının Yeri İstanbul
Toplantı Veya Antlaşma İmzalandığı Tarihi 2003
245 ## - BAŞLIK TABLOSU
Başlık Örgütlenme eğitimi
Başlığın Kalan XXIV. merkez genel kurulu 3-4-5 Ekim 2003 İstanbul
Sorumluluk Tablosu, Vb Petrol-İş
250 ## - EDITION TABLOSU
Baskı Beyanı 2. bs.
260 ## - YAYIN, DAĞITIM, VB
Yayın, Dağıtım, Vb Yeri İstanbul
Yayıncı, Dağıtıcı, Vs Adı Petrol-İş
Yayın, Dağıtım, Vb Tarihi 2003
300 ## - FİZİKSEL TANIM
Kapsam 77 s.
Boyutlar 22 sm.
490 ## - SERİSİ TABLOSU
Seri Beyanı Petrol-İş yayını
Hacim / Ardışık Tanımı 90
500 ## - GENEL NOT
Genel Not Petrol-İş Dergisinin ekidir.
650 ## - KONU KATMA GİRİŞ - TOPİKAL DÖNEM
Topikal Süreli Veya Coğrafi Ad Giriş Elemanı İşçi sendikaları
Genel Alt Bölümü Örgütlenme
Kronolojik Alt Bölümü Toplantılar
710 ## - KATMA GİRİŞ - KURUMSAL ADI
Giriş Elemanı Olarak Kurumsal Ad Veya Yargı Alanı Adı Türkiye Petrol Kimya Lastik İşçileri Sendikası
942 ## - EKLENDİ GİRİŞ ELEMANLARI (KOHA)
Sınıflandırma Veya Raf Düzeni Kaynak Dewey Decimal Classification
Koha Öğesi Türü Books
999 ## - SİSTEM KONTROL NUMARALARI (KOHA)
Koha Biblionumber 6987
Koha Biblioitemnumber 6987
Holdings
Kalıcı Konum Mevcut Konum Edinme Tarihi Edinim Kaynak Toplam Check-Out'Lar Tam Çağrı Numarası Barkod Tarih Son Görülme İtibaren Geçerli Fiyatlar Koha Öğesi Türü
CHP Kütüphanesi CHP Kütüphanesi 09/16/2016 Bağış   331.88109561 Ö63ö 2003 003898 09/16/2016 09/16/2016 Books